Normal view MARC view

Entry Personal Name

Number of records used in: 1

001 - CONTROL NUMBER

  • control field: 32024

003 - CONTROL NUMBER IDENTIFIER

  • control field: OSt

005 - DATE AND TIME OF LATEST TRANSACTION

  • control field: 20220718110757.0

008 - FIXED-LENGTH DATA ELEMENTS

  • fixed length control field: 220718|| aca||aabn | a|a d

040 ## - CATALOGING SOURCE

  • Original cataloging agency: OSt
  • Transcribing agency: OSt

100 ## - HEADING--PERSONAL NAME

  • Personal name: Williamson, R.D., Morris, J.C. and Jonathan, M.F.

670 ## - SOURCE DATA FOUND

  • Source citation: Work cat.: (OSt)519130: Williamson, R.D., Morris, J.C. and Jonathan, M.F., Public corruption and pension underfunding in the American states

Powered by Koha